| 000 | 00787nam a2200205 a 4500 | ||
|---|---|---|---|
| 001 | BRCA_3786 | ||
| 005 | 20190320204426.0 | ||
| 008 | 141109s1851----mx-a######---#000-0#spa-# | ||
| 041 | _aspa | ||
| 044 | _amx | ||
| 050 | 4 |
_aF1391 _b.E96 1851 |
|
| 245 | 1 | 0 | _aExposición que la junta menor permanente de la compañía de minas Zacatecano - Mexicana, dirige a la augusta camara de senadores, en sosten del decreto que espidió la honorable legislatura del estado de Zacatecas con fecha 28 de febrero de 1851, reglamentado de la libre esplotación de sales. |
| 260 |
_aMéxico _bVicente García Torres _c1851 |
||
| 300 |
_a25 p. _bil. _c20 cm. |
||
| 500 | _aB115. | ||
| 650 | 1 | 4 |
_aMinas y recursos minerales _97027 |
| 651 | 4 |
_aZacatecas _vHistoria _99867 |
|
| 902 | _aGFM | ||
| 942 |
_2lcc _cB |
||
| 999 |
_c3515 _d3515 |
||